000 00571nam a2200181Ia 4500
008 180921t2009 xxu||||| |||| 00| 0 sin d
041 _asin
080 _a581
_bHIR
100 _aHirimburegama,Kshanika
245 _aශාක පටක විවිධත්වය සහ ශාක පටක රෝපණය
246 _aShaka pataka vividathvaya saha Shaka pataka Ropanaya
260 _bGodage
_aColombo
_c2009
300 _a108p. ill., 28 cm
650 _acell
_aRobert Hook
_aExplant
942 _cBK
999 _c16175
_d16175
003 LK-CoDNM
040 _aLK-CoDNM
_dLK-CoDNM
_eLK-CoDNM